Termodinamica Tecnica./ M.J. Moran. (Registro nro. 25395)
[ vista simple ]
| 000 -LÍDER | |
|---|---|
| fixed length control field | 00316nam a2200133 4500 |
| 020 ## - NÚMERO INTERNACIONAL NORMALIZADO PARA LIBROS | |
| ISBN | 84-291-4168-5 |
| 050 ## - SIGNATURA TOPOGRAFICA DE LA BIBLIOTECA DEL CONGRESO (LC) | |
| Número de Clasificación | TJ255 M6718 |
| 082 ## - NUMERO DE CLASIFICACION DECIMAL DEWEY | |
| Número de Clasificación | 536.7 M449t |
| 100 ## - ASIENTO PRINCIPAL--NOMBRE PERSONAL | |
| Nombre personal | Moran M.J. |
| 245 ## - TÍTULO | |
| Título | Termodinamica Tecnica./ M.J. Moran. |
| 260 ## - PUBLICACIÓN, DISTRIBUCIÓN, ETC. (PIE DE IMPRENTA) | |
| Lugar de publicación, distribución, etc. | Barcelona:Reverte. |
| 300 ## - DESCRIPCIÓN FÍSICA | |
| Extensión | 429p./30cm. |
| 650 ## - ASIENTO SECUNDARIO DE MATERIA - TERMINO TEMÁTICO | |
| Término temático o nombre geográfico como elemento de entrada | 1.TERMODINAMICA. |
| No. biblioteca | No. biblioteca | Número de clasificación | Código de barras/Número de adquisición | Número de copia | Tipo de material |
|---|---|---|---|---|---|
| LUIS G. INCLAN | LUIS G. INCLAN | 536.7 M449t | 33002 | 9 | Libros |
